[Event "Division Honor Grupo I"]
[Site ""]
[Date "2011.02.05"]
[Round "1.1"]
[White "Baron Rodriguez Jesus"]
[Black "Garza Marco Sergio"]
[Result "1-0"]
[WhiteElo "2447"]
[BlackElo "2436"]

1.e4 d6 2.Nc3 g6 3.f4 Bg7 4.Nf3 Nf6 5.d4 O-O 6.Bd3 Na6 7.O-O c5 8.d5 Bg4 9.Bc4
Nc7 10.a4 e6 11.dxe6 fxe6 12.h3 Bxf3 13.Qxf3 Kh8 14.Be3 d5 15.Rad1 d4 16.Nb5
a6 17.Nxc7 Qxc7 18.Bc1 Qc6 19.e5 Nd5 20.Rde1 Rad8 21.h4 Qxa4 22.b3 Qe8 23.h5
Nb4 24.Qxb7 Nxc2 25.Re2 Nb4 26.Qb6 d3 27.Ref2 Nd5 28.Qxc5 Nc3 29.Qe3 Ne2+ 30.
Kh2 g5 31.g4 gxf4 32.Qe4 Ng3 33.Qe1 Qe7 34.Kh3 Nxf1 35.Rxf1 Qc5 36.Rf3 Qxe5
37.Qxe5 Bxe5 38.Bxd3 Bg7 39.g5 Rf7 40.Kg4 e5 41.h6 Bf8 42.Bb2 Bd6 43.Bxa6 Bb8
44.Bc4 Rff8 45.Rf2 Rd1 46.Kf3 Rg1 47.Ba3 Re8 48.Bf7 e4+ 49.Ke2 f3+ 50.Ke3 Ba7+
51.Kf4 Bb8+ 52.Ke3 Rxg5 53.Bxe8 Ba7+ 54.Kf4 Bxf2 55.Kxg5 Bd4 56.Kf4 f2 57.Bb5
e3 58.Bc4 1-0

[Event "Division Honor Grupo I"]
[Site ""]
[Date "2011.02.05"]
[Round "1.2"]
[White "Antoli Royo Joaquin Miguel"]
[Black "Forcen Esteban Daniel"]
[Result "1/2-1/2"]
[WhiteElo "2430"]
[BlackElo "2378"]

1.e4 c5 2.c3 Nf6 3.e5 Nd5 4.d4 cxd4 5.cxd4 d6 6.Nf3 e6 7.Bc4 Nb6 8.Bb3 dxe5 9.
Nxe5 Nc6 10.Qf3 Bb4+ 11.Bd2 Bxd2+ 12.Nxd2 O-O 13.Nxc6 bxc6 14.Qd3 a5 15.Bc2 g6
16.Ne4 Ba6 17.Qd2 Nc4 18.Qc3 Nb6 19.Qd2 Nd5 20.O-O-O Nb4 21.h4 Nxa2+ 22.Kb1
Bc4 23.h5 Rb8 24.hxg6 fxg6 25.Rxh7 Kxh7 26.Rh1+ Kg8 27.Rh8+ Kxh8 28.Qh6+ Kg8
29.Qxg6+ Kh8 30.Qh6+ 1/2-1/2

[Event "Division Honor Grupo I"]
[Site ""]
[Date "2011.02.05"]
[Round "1.3"]
[White "Baron Rodriguez Jorge"]
[Black "Fontana Sotomayour Luis Javier"]
[Result "1/2-1/2"]
[WhiteElo "2272"]
[BlackElo "2371"]

1.d4 Nf6 2.c4 c5 3.d5 e6 4.Nc3 exd5 5.cxd5 d6 6.Nf3 g6 7.Qa4+ Bd7 8.Qb3 Qc7 9.
e4 a6 10.a4 Bg7 11.Bd3 O-O 12.O-O Bc8 13.h3 Nbd7 14.Bf4 Re8 15.Bh2 c4 16.Qxc4
Qxc4 17.Bxc4 Nxe4 18.Nxe4 Rxe4 19.Bd3 Rb4 20.Bxd6 Rxb2 21.Rfe1 Nf6 22.Be5 Rb3
23.Bf1 Bd7 24.a5 Rc8 25.Reb1 Rxb1 26.Rxb1 Nxd5 27.Rxb7 Be6 28.Bxg7 Kxg7 29.Ng5
Nf4 30.Nxe6+ Nxe6 31.Bxa6 Rc5 32.Bb5 Nd4 33.Be8 Rxa5 34.Rxf7+ Kg8 35.Rd7 Nf5
36.g3 Re5 37.Bf7+ Kf8 38.Bc4 Re7 39.Rd8+ Kg7 40.Bd3 Nh6 41.Kg2 Nf7 42.Rd5 Ne5
43.Bb5 Nf7 44.Bc4 Ne5 45.Bb3 Nd7 46.g4 Nf6 47.Rd2 g5 48.Ra2 h6 49.Ra6 Nd7 50.
Ra7 Kf6 51.Ra6+ Kg7 52.Bc2 Ne5 53.Rb6 Rc7 54.Bf5 Rc6 55.Rb7+ Kf6 56.Ra7 Ng6
57.Bxg6 Kxg6 1/2-1/2

[Event "Division Honor Grupo I"]
[Site ""]
[Date "2011.02.05"]
[Round "1.4"]
[White "Ramiro Ovejero Juan Luis"]
[Black "Ruiz Diez Julio Cesar"]
[Result "0-1"]
[WhiteElo "2365"]
[BlackElo "2257"]

1.e4 c5 2.b3 e6 3.Bb2 d6 4.f4 Nf6 5.Nc3 Be7 6.Nf3 Nc6 7.Bb5 Bd7 8.O-O O-O 9.e5
dxe5 10.fxe5 Ng4 11.Qe1 Nb4 12.Qe4 Bxb5 13.Nxb5 Nh6 14.a3 Nc6 15.Kh1 a6 16.Nd6
Bxd6 17.exd6 Nf5 18.Ne5 Qxd6 19.Nxc6 bxc6 20.d3 Qd5 21.Rae1 Rfd8 22.Qf4 Rd7
23.Re5 Qd6 24.Qe4 Nd4 25.Bxd4 cxd4 26.b4 a5 27.Rxa5 Rxa5 28.bxa5 Ra7 29.Rb1 g6
30.Rb6 Rxa5 31.Rxc6 Qxa3 32.Rc8+ Kg7 33.h3 Qd6 34.Ra8 Re5 35.Qh4 Re2 36.Rd8
Qe5 37.g4 0-1

[Event "Division Honor Grupo I"]
[Site ""]
[Date "2011.02.05"]
[Round "1.5"]
[White "Villuendas Valero Adrian"]
[Black "Gimenez Martinez Alberto"]
[Result "1/2-1/2"]
[WhiteElo "2266"]
[BlackElo "2132"]

1.d4 d5 2.Bf4 e6 3.e3 c5 4.c3 Nc6 5.Nf3 Bd6 6.Bg3 cxd4 7.exd4 f5 8.Bxd6 Qxd6
9.Bd3 Nf6 10.Qe2 Ne4 11.Ne5 Nxe5 12.dxe5 Qc7 13.O-O O-O 14.Na3 Bd7 15.Nc2 Nc5
16.Rfe1 b5 17.Nd4 Rab8 18.Rac1 Qb6 19.Red1 1/2-1/2

[Event "Division Honor Grupo I"]
[Site ""]
[Date "2011.02.05"]
[Round "1.6"]
[White "Quintin Navarro Alberto"]
[Black "Valiente Roy Jose Javier"]
[Result "1-0"]
[WhiteElo "2121"]
[BlackElo "2092"]

1.d4 e6 2.Nf3 Nf6 3.c4 Bb4+ 4.Bd2 Qe7 5.g3 Nc6 6.Bg2 Bxd2+ 7.Nbxd2 a5 8.O-O d6
9.e4 e5 10.d5 Nb8 11.Ne1 O-O 12.Nd3 Na6 13.f4 Bd7 14.f5 c6 15.g4 Ne8 16.Qe2
cxd5 17.exd5 Rc8 18.Rac1 b5 19.cxb5 Rxc1 20.Nxc1 Nc5 21.Ncb3 Nxb3 22.Nxb3 a4
23.Na5 Qd8 24.Nc6 Qb6+ 25.Kh1 Nc7 26.f6 g6 27.Qd2 Kh8 28.Qh6 Rg8 29.Nd8 Be8
30.Rf3 Nxd5 31.Qxh7+ 1-0

[Event "Division Honor Grupo I"]
[Site ""]
[Date "2011.02.05"]
[Round "1.7"]
[White "Cantin Zaborras Valentin"]
[Black "Juberias Segura Santiago"]
[Result "1/2-1/2"]
[WhiteElo "2085"]
[BlackElo "2055"]

1.e4 c5 2.Nf3 d6 3.d4 cxd4 4.Nxd4 Nf6 5.Nc3 a6 6.Bg5 e6 7.f4 h6 8.Bh4 Qc7 9.
Be2 Nbd7 10.O-O Be7 11.Bf3 Nb6 12.Re1 O-O 13.Kh1 Nxe4 14.Rxe4 Bxh4 15.f5 Qe7
16.fxe6 fxe6 17.Nxe6 Bxe6 18.Qd4 Bf6 19.Qxb6 Bxc3 20.bxc3 Qd7 21.Rae1 Bf7 22.
Re7 Rae8 23.Qxb7 Qxb7 24.Bxb7 Rxe7 25.Rxe7 Bc4 26.h3 d5 1/2-1/2

[Event "Division Honor Grupo I"]
[Site ""]
[Date "2011.02.05"]
[Round "1.8"]
[White "Pellicer Abella Emilio"]
[Black "Iglesias Fernandez Luis"]
[Result "0-1"]
[WhiteElo "1848"]
[BlackElo "1838"]

1.Nf3 Nf6 2.d4 e6 3.Bf4 d5 4.e3 c5 5.c3 cxd4 6.exd4 Qb6 7.Qc2 Bd7 8.Nbd2 Bb5
9.Bxb5+ Qxb5 10.a4 Qa6 11.b4 Bd6 12.Ne5 Nbd7 13.c4 Bxb4 14.O-O Nxe5 15.dxe5
Nh5 16.Be3 d4 17.Bxd4 Bxd2 18.Qxd2 Qc6 19.Qb4 Nf4 0-1

[Event "Division Honor Grupo I"]
[Site ""]
[Date "2011.02.05"]
[Round "1.9"]
[White "Llorente Zaro Alfonso"]
[Black "Fernandez Rubio Rafael"]
[Result "1-0"]
[WhiteElo "2450"]
[BlackElo "2054"]

1.Nf3 d6 2.d4 Nf6 3.c4 c5 4.e3 g6 5.Nc3 Na6 6.Be2 Bg7 7.O-O O-O 8.b3 b6 9.Bb2
Nc7 10.Qd2 Bb7 11.Rad1 Qd7 12.d5 b5 13.Nxb5 Nfxd5 14.Bxg7 Kxg7 15.Nxd6 exd6
16.cxd5 Bxd5 17.Ng5 Rad8 18.Qc3+ Kg8 19.Rd2 Qe7 20.Nh3 Ba8 21.Rfd1 d5 22.Nf4
Rd7 23.Rc2 Ne6 24.Nxe6 fxe6 25.Qxc5 Qg5 26.f4 Qh4 27.Qd4 g5 28.Qe5 gxf4 29.
Qxe6+ Rdf7 30.Rf1 Kh8 31.Rc8 d4 32.Qe5+ Qf6 33.Rxf8+ Rxf8 34.exd4 Qxe5 35.dxe5
Bd5 36.Rd1 f3 37.Bxf3 Bxf3 38.gxf3 Rxf3 39.Rd8+ 1-0

[Event "Division Honor Grupo I"]
[Site ""]
[Date "2011.02.05"]
[Round "1.10"]
[White "Sierra Aguerri Joaquin"]
[Black "Mimbela Lopez Miguel Angel"]
[Result "1-0"]
[WhiteElo "2051"]
[BlackElo "2168"]

1.e4 c5 2.Nc3 Nc6 3.f4 d6 4.Nf3 g6 5.Bc4 Bg7 6.O-O e6 7.d3 Nge7 8.Qe1 O-O 9.f5
exf5 10.Qh4 Be6 11.Ng5 h6 12.Nxe6 fxe6 13.Bxh6 Bxh6 14.Qxh6 Rf6 15.Qg5 Kg7 16.
e5 Nxe5 17.Ne4 Rf8 18.Bxe6 N7c6 19.Qxd8 Nxd8 20.Ng5 Rh8 21.Bd5 Ng4 22.Rae1
Nxh2 23.Rf2 Nc6 24.Re6 Ng4 25.Rfe2 Rh5 26.Nh3 Nf6 27.Bxc6 bxc6 28.Rxd6 Re8 29.
Rxe8 Nxe8 30.Rd7+ Kf6 31.Rxa7 g5 32.Ra6 Ke5 33.Rxc6 g4 34.Rxc5+ Kd6 35.Rd5+
Kc6 36.Nf4 Rg5 37.g3 Nd6 38.c4 1-0

[Event "Division Honor Grupo I"]
[Site ""]
[Date "2011.02.05"]
[Round "1.11"]
[White "Gomez Luesia Jesus"]
[Black "Vera Jimenez Andres"]
[Result "1/2-1/2"]
[WhiteElo "2164"]
[BlackElo "2006"]

1.d4 Nf6 2.Nf3 g6 3.g3 Bg7 4.Bg2 d6 5.O-O O-O 6.c4 Na6 7.Re1 c5 8.Nc3 cxd4 9.
Nxd4 Nc5 10.Rb1 a6 11.b4 Ne6 12.Nc2 Ng4 13.Nd5 Ne5 14.Nce3 Rb8 15.Bb2 Nc7 16.
Bd4 Nxd5 17.cxd5 b5 18.f4 Ng4 19.Nxg4 Bxd4+ 20.Qxd4 Bxg4 21.Rbc1 Qb6 22.Qxb6
Rxb6 23.Rc7 Rc8 24.Rxc8+ Bxc8 25.Rc1 Bg4 26.Kf2 Rb7 27.e4 Bd7 28.Rc3 Kf8 29.
Ke3 Ke8 30.Bf1 Kd8 31.Ra3 Ra7 32.e5 Kc7 33.h4 Kb6 34.Bd3 Rc7 35.Kd2 Bg4 36.Ra5
Bc8 37.exd6 exd6 38.Ra3 Bb7 39.f5 Bxd5 40.fxg6 fxg6 41.Be2 Rf7 42.Rd3 Kc6 43.
Rc3+ Kb6 44.Rd3 Rf5 45.a3 Re5 46.Bg4 Kc7 47.Bf3 Bc4 48.Rd4 Rf5 49.Ke3 Re5+ 50.
Kd2 d5 51.Rf4 Kd6 52.Rf6+ Re6 53.Rf7 h5 54.Ra7 Ke5 55.Rf7 Kd4 56.Rf4+ Ke5 57.
Rf8 Bf1 58.Bxd5 Kxd5 59.Rxf1 Kc4 60.Rf3 Rd6+ 61.Kc2 Re6 62.Rf4+ Kd5 63.Kd3 Rc6
1/2-1/2

[Event "Division Honor Grupo I"]
[Site ""]
[Date "2011.02.05"]
[Round "1.12"]
[White "Sancho Casale Jesus"]
[Black "Barros Gutierrez Angel Luis"]
[Result "0-1"]
[WhiteElo "1932"]
[BlackElo "2155"]

1.e4 c5 2.Nf3 Nc6 3.d4 cxd4 4.Nxd4 Nf6 5.Nc3 d6 6.Bg5 e6 7.Qd2 a6 8.O-O-O Bd7
9.f4 b5 10.Nxc6 Bxc6 11.Bd3 b4 12.Nd5 exd5 13.e5 dxe5 14.fxe5 h6 15.Bh4 Ne4
16.Bxe4 Qxh4 17.Bxd5 O-O-O 18.Qe2 Rxd5 19.e6 Be7 20.Qxa6+ Bb7 21.Qa4 Qg5+ 22.
Kb1 Rhd8 23.Rxd5 Qxd5 24.c3 bxc3 0-1

[Event "Division Honor Grupo I"]
[Site ""]
[Date "2011.02.05"]
[Round "1.13"]
[White "Del Rey Diego"]
[Black "Gavin Roche Enrique"]
[Result "1-0"]
[WhiteElo "2374"]
[BlackElo "2241"]

1.d4 d5 2.c4 e6 3.Nf3 Nf6 4.Nc3 Be7 5.Bf4 O-O 6.e3 c5 7.dxc5 Bxc5 8.Qc2 Nc6 9.
a3 a6 10.Rd1 Be7 11.Be2 Qa5 12.O-O dxc4 13.Bxc4 b5 14.Bd3 Bb7 15.Ne4 h6 16.Nd6
Qb6 17.Nxb7 Qxb7 18.e4 Rac8 19.Qe2 Rfd8 20.e5 Nd7 21.Qe4 Nf8 22.Rc1 Na5 23.
Qxb7 Nxb7 24.Rxc8 Rxc8 25.Rc1 Rxc1+ 26.Bxc1 Nc5 27.Bc2 Ng6 28.b4 Nd7 29.Be4
Bd8 30.Bb7 Nb8 31.Be3 Bc7 32.Bd4 Nf4 33.Ba7 Nd3 34.Bxb8 Bxb8 35.Bxa6 Nxe5 36.
Nd4 Nc4 37.Nxb5 Be5 38.a4 Nb6 39.a5 Nd5 40.Bb7 Nxb4 41.a6 Nxa6 42.Bxa6 f5 43.
h3 h5 44.Na7 Kf7 45.Nc6 Bd6 46.Bc8 1-0

[Event "Division Honor Grupo I"]
[Site ""]
[Date "2011.02.05"]
[Round "1.14"]
[White "Ferrer Echevarri Javier"]
[Black "Chueca Forcen Alberto"]
[Result "0-1"]
[WhiteElo "1959"]
[BlackElo "2295"]

1.e4 Nf6 2.Nc3 e5 3.Nf3 Nc6 4.d4 exd4 5.Nxd4 Bb4 6.Nxc6 bxc6 7.Bd3 d5 8.O-O
Bxc3 9.bxc3 dxe4 10.Re1 O-O 11.Ba3 exd3 12.Bxf8 Kxf8 13.cxd3 Be6 14.Qf3 Qd5
15.Qe3 Ng4 16.Qg3 Qd6 17.Qh4 h6 18.Re4 Nf6 19.Rd4 Qa3 20.c4 c5 21.Rf4 Qxd3 22.
Rxf6 Qc3 23.Rxf7+ Bxf7 24.Rd1 Re8 25.f3 a5 26.h3 Qxc4 27.Qg3 Qe2 28.Rb1 Qe5
0-1

[Event "Division Honor Grupo I"]
[Site ""]
[Date "2011.02.05"]
[Round "1.15"]
[White "Melendez Fierro Juan Bautista"]
[Black "Navarro Sancho Rafael"]
[Result "1-0"]
[WhiteElo "2224"]
[BlackElo "1831"]

1.e4 c5 2.Nc3 Nc6 3.g3 g6 4.Bg2 Bg7 5.d3 d6 6.f4 e6 7.Nf3 Nge7 8.O-O O-O 9.Be3
a6 10.Bf2 Rb8 11.a4 b6 12.Qd2 Qc7 13.Rfe1 Bd7 14.h4 Rbd8 15.g4 d5 16.e5 Bc8
17.Ne2 d4 18.Ng5 Bb7 19.Ne4 Nb4 20.N2g3 Nbd5 21.h5 f5 22.Ng5 Bc8 23.hxg6 h6
24.Nh7 Nxg6 25.Nxf8 Nxf8 26.gxf5 exf5 27.Nh5 Be6 28.Bh4 Rc8 29.Bf6 Bxf6 30.
Nxf6+ Nxf6 31.exf6 Qf7 32.a5 b5 33.Qf2 Qxf6 34.Kf1 Rc7 35.Ke2 c4 36.Kf1 Rg7
37.Ke2 Nd7 38.Rg1 Nc5 39.Bf3 Kh8 40.Rxg7 Qxg7 41.Rg1 Qf6 42.Qg2 Bf7 43.Bd5
cxd3+ 44.Kd2 dxc2 45.Bxf7 Ne4+ 46.Kxc2 Qxf7 47.Kb1 d3 48.Ka1 d2 49.Qh2 Qb3 50.
Qxh6# 1-0

[Event "Division Honor Grupo I"]
[Site ""]
[Date "2011.02.05"]
[Round "1.16"]
[White "Nasarre Abizanda Tomas"]
[Black "Hernando Garcia Antonio"]
[Result "0-1"]
[WhiteElo "1756"]
[BlackElo "2215"]

1.e4 d5 2.exd5 Qxd5 3.Qf3 Qxf3 4.Nxf3 c6 5.d3 h6 6.b3 Bf5 7.Bb2 Nd7 8.Nbd2
Ngf6 9.O-O-O e6 10.h3 Be7 11.Nc4 O-O 12.Ne3 Bh7 13.g3 Rac8 14.Be2 Rfd8 15.h4
Nd5 16.Nxd5 cxd5 17.g4 Bb4 18.g5 h5 19.Kb1 Bc3 20.Bxc3 Rxc3 21.Rd2 Bg6 22.d4
Be4 23.Rh3 Rdc8 24.Bd3 Bxd3 25.cxd3 Rc1+ 26.Kb2 f6 27.Re2 Kf7 28.Rg3 Rh1 29.
Rg1 Rxg1 30.Nxg1 Nf8 31.Nh3 Ng6 32.a4 a5 33.f3 Rc6 34.Rc2 Rxc2+ 35.Kxc2 Nxh4
36.f4 Kg6 37.Kc3 Kf5 38.b4 b6 39.gxf6 gxf6 40.bxa5 bxa5 41.Ng1 Ng6 42.Ne2 h4
43.Kd2 Nxf4 0-1

[Event "Division Honor Grupo II"]
[Site ""]
[Date "2011.02.05"]
[Round "1.17"]
[White "Hefty Hilardo Jorge Walter"]
[Black "Llanes Luno Ricardo"]
[Result "1-0"]
[WhiteElo "2314"]
[BlackElo "2224"]

1.d4 c5 2.d5 e5 3.dxe6 fxe6 4.e4 d6 5.Nf3 Nc6 6.Nc3 a6 7.a4 Nh6 8.Ng5 Nf7 9.
Nxf7 Kxf7 10.Bc4 Qf6 11.O-O Be7 12.Be3 Re8 13.f4 Kg8 14.e5 dxe5 15.Ne4 Qg6 16.
f5 Qf7 17.Nxc5 Bxc5 18.Bxc5 Qc7 19.Qg4 Na5 20.f6 Qxc5+ 21.Kh1 Re7 22.fxe7 Qxe7
23.Rad1 Nxc4 24.Qxc4 b5 25.axb5 axb5 26.Qxb5 Ba6 27.Qc6 Bb7 28.Qd7 Qb4 29.Qd8+
1-0

[Event "Division Honor Grupo II"]
[Site ""]
[Date "2011.02.05"]
[Round "1.18"]
[White "Llanes Luno Pedro Alfredo"]
[Black "Martinez Cebolla Alberto"]
[Result "0-1"]
[WhiteElo "2174"]
[BlackElo "2061"]

1.e4 e5 2.d4 exd4 3.f4 Nc6 4.a3 Bc5 5.b4 Bb6 6.Bd3 d6 7.Nf3 Nf6 8.Nbd2 O-O 9.
O-O Re8 10.h3 h6 11.Bb2 a6 12.Kh2 Be6 13.Re1 Nh7 14.f5 Bd7 15.Nb3 Qf6 16.Bc4
Ne5 17.Bxd4 Bxd4 18.Qxd4 Nxf3+ 19.gxf3 Qh4 20.Rg1 Ng5 21.Rg3 Qf4 22.Kg2 Bb5
23.Rd1 Bxc4 24.Qxc4 h5 25.Rd3 c6 26.Qd4 d5 27.h4 Qxh4 28.Qe3 dxe4 29.Rd7 exf3+
0-1

[Event "Division Honor Grupo II"]
[Site ""]
[Date "2011.02.05"]
[Round "1.19"]
[White "Castillo Sanjuan Alejandro"]
[Black "Roche Simon Miguel Angel"]
[Result "1-0"]
[WhiteElo "1967"]
[BlackElo "2141"]

1.e4 c5 2.Nc3 Nc6 3.f4 g6 4.Bc4 Bg7 5.Nf3 e6 6.d3 Nge7 7.Bb3 d5 8.e5 Rb8 9.a4
a6 10.Ne2 b5 11.c3 d4 12.cxd4 cxd4 13.O-O O-O 14.Ng3 Na5 15.Ne4 Bb7 16.Nd6
Nxb3 17.Qxb3 Bd5 18.Qc2 Qb6 19.Bd2 Nf5 20.Nxf5 gxf5 21.Bb4 Rfc8 22.Qf2 bxa4
23.Bd6 Qxb2 24.Bxb8 Rxb8 25.Qxb2 Rxb2 26.Rxa4 Rb3 27.Rd1 Bxf3 28.gxf3 Bf8 29.
Rxa6 Bh6 30.Kh1 Rb8 31.Rd6 Bxf4 32.Rxd4 Bxe5 33.Rg1+ Kf8 34.Rd7 Rb4 35.Rd1 Rb2
36.d4 Bxh2 37.d5 e5 38.d6 e4 39.fxe4 fxe4 40.Rd8+ Kg7 41.d7 Bc7 42.Rc8 Ba5 43.
Rd5 Bb6 44.Rd6 Ba5 45.Ra6 Rb1+ 46.Kg2 Rb2+ 47.Kh3 Rd2 48.Rxa5 Rxd7 49.Re8 Rd3+
50.Kg4 Rd4 51.Kf4 1-0

[Event "Division Honor Grupo II"]
[Site ""]
[Date "2011.02.05"]
[Round "1.20"]
[White "Naya Sancho Jose Ignacio"]
[Black "Jimenez Fernandez Alejandro"]
[Result "0-1"]
[WhiteElo "1966"]
[BlackElo "2124"]

1.e4 c6 2.d4 d5 3.exd5 cxd5 4.c4 Nf6 5.Nc3 Nc6 6.Bg5 dxc4 7.Bxc4 e6 8.Nf3 Be7
9.O-O O-O 10.Re1 Nd5 11.Bxe7 Ncxe7 12.Ne5 b6 13.Ne4 Bb7 14.Ng5 Ng6 15.Qg4 Nxe5
16.dxe5 Rc8 17.Rad1 Rxc4 18.Qxc4 Qxg5 19.f3 Ne3 0-1

[Event "Division Honor Grupo II"]
[Site ""]
[Date "2011.02.05"]
[Round "1.21"]
[White "Gracia Campo Carlos Alberto"]
[Black "Gil Capape MA"]
[Result "0-1"]
[WhiteElo "2073"]
[BlackElo "2061"]

1.e4 e5 2.Nf3 Nc6 3.Bc4 Nf6 4.d3 Bc5 5.O-O d6 6.Bg5 Na5 7.Nbd2 h6 8.Bh4 g5 9.
Bg3 Nxc4 10.Nxc4 Nh5 11.c3 Nxg3 12.hxg3 Be6 13.b4 Bb6 14.Nxb6 axb6 15.d4 g4
16.Nh4 Ra3 17.d5 Bd7 18.Qc1 Qa8 19.Qd2 Bb5 20.Rfc1 Bc4 21.Rc2 Qa6 22.Nf5 Bd3
23.Rcc1 Bxe4 24.Nxh6 Qc4 25.Nxg4 Kd8 26.Ne3 Qd3 27.Qxd3 Bxd3 28.g4 Kd7 29.f3
Rha8 30.Kh2 Rxa2 31.Rxa2 Rxa2 32.Kg3 Re2 33.Nf5 Bc4 34.Rd1 Bb3 35.Rd3 Bc4 36.
Re3 Rd2 37.Nh6 Bxd5 38.g5 Ke6 39.Ng4 Kf5 40.Nf6 Bc6 41.Ne4 Bxe4 42.fxe4+ Kxg5
43.Kf3 b5 44.g4 Rh2 45.Kg3 Rh4 46.Re1 Rxg4+ 47.Kf3 f5 48.exf5 Kxf5 49.Rh1 Rc4
50.Rc1 e4+ 0-1

[Event "Division Honor Grupo II"]
[Site ""]
[Date "2011.02.05"]
[Round "1.22"]
[White "Alonso Fernandez Revuelta Rodri"]
[Black "Burillo Rodriguez Carlos"]
[Result "1/2-1/2"]
[WhiteElo "2037"]
[BlackElo "2032"]

1.e4 c5 2.Nf3 d6 3.d4 cxd4 4.Qxd4 Nc6 5.Bb5 Bd7 6.Bxc6 Bxc6 7.c4 Qb6 8.Qxb6
axb6 9.Nc3 e6 10.Be3 Nf6 11.Nd2 d5 12.Bxb6 Nxe4 13.cxd5 Nxc3 14.dxc6 Nd5 15.
cxb7 Rb8 16.Bd4 Rxb7 17.O-O Nf4 18.Rfe1 Bb4 19.Nc4 O-O 20.Re4 g5 21.g3 Nd5 22.
h4 Rc8 23.b3 h6 24.hxg5 hxg5 25.Kg2 Bc3 26.Bxc3 Nxc3 27.Re3 Nd5 28.Re5 Rd8 29.
Rxg5+ Kf8 30.Rh5 Ke7 31.Rh7 Nf6 32.Rg7 Rd5 33.f4 Kf8 34.Rg5 Rxg5 35.fxg5 Ne4
36.g6 f5 37.Kf3 Kg7 38.g4 Kxg6 39.gxf5+ exf5 40.Kf4 Rh7 41.Ne5+ Kf6 42.Nf3 Rg7
43.Rc1 Rg4+ 44.Ke3 Ke6 45.a4 Kd5 46.a5 f4+ 1/2-1/2

[Event "Division Honor Grupo II"]
[Site ""]
[Date "2011.02.05"]
[Round "1.23"]
[White "Bailo Remacha Santiago"]
[Black "Carraminana Lopez Luis Antonio"]
[Result "1-0"]
[WhiteElo "2044"]
[BlackElo "2067"]

1.c4 e5 2.b3 Bc5 3.Bb2 Nc6 4.e3 Nf6 5.a3 d6 6.d4 exd4 7.exd4 Bb6 8.b4 Qe7+ 9.
Be2 O-O 10.c5 dxc5 11.dxc5 Rd8 12.Qc2 Ne5 13.Bxe5 Qxe5 14.Qc3 Qe7 15.cxb6 Bf5
16.bxc7 Re8 17.Qc5 Qe6 18.Nc3 Ne4 19.Nxe4 Bxe4 20.f3 Bd3 21.Kf2 1-0

[Event "Division Honor Grupo II"]
[Site ""]
[Date "2011.02.05"]
[Round "1.24"]
[White "Vasilev Vas"]
[Black "Veras Sanz Marino"]
[Result "0-1"]
[WhiteElo "1966"]
[BlackElo "2051"]

1.d4 d6 2.Nf3 g6 3.c4 Bg7 4.Nc3 c5 5.d5 Bxc3+ 6.bxc3 Qa5 7.e4 Nf6 8.Qb3 Nxe4
9.Bd3 Nf6 10.O-O O-O 11.Bh6 Re8 12.Rae1 Qa6 13.h3 Nxd5 14.cxd5 Qxd3 15.Re3 Qa6
16.Rfe1 Qa5 17.Rxe7 Rxe7 18.Rxe7 Qd8 19.Re2 Bf5 20.c4 Na6 21.g4 Bd7 22.Qc3 f6
23.g5 Bxh3 24.gxf6 Qd7 25.f7+ Qxf7 26.Ng5 Qd7 27.Nxh3 Nc7 28.Qf6 Qf7 29.Qxf7+
Kxf7 30.Ng5+ Kf6 31.Nxh7+ Kf5 32.Bf8 Re8 33.Kf1 Rxe2 34.Kxe2 Ne8 35.Ke3 g5 36.
f3 Kg6 37.f4 gxf4+ 38.Kxf4 Kxh7 39.Kf5 Kg8 40.Bh6 Kf7 41.a4 b6 42.Bf4 Ke7 43.
Kg6 Nc7 44.Kf5 a6 45.Ke4 b5 46.axb5 axb5 47.cxb5 Nxb5 48.Bd2 Nc7 49.Ba5 Ne8
50.Bc3 Nf6+ 0-1

[Event "Division Honor Grupo II"]
[Site ""]
[Date "2011.02.05"]
[Round "1.25"]
[White "Navarro Alonso Jorge Luis"]
[Black "Adla Diego Gustavo"]
[Result "0-1"]
[WhiteElo "2157"]
[BlackElo "2512"]

1.e4 c6 2.d4 d5 3.Nc3 dxe4 4.Nxe4 Bf5 5.Ng3 Bg6 6.h4 h6 7.Nf3 Nd7 8.h5 Bh7 9.
Bd3 Bxd3 10.Qxd3 e6 11.Bd2 Ngf6 12.O-O-O Be7 13.c4 b5 14.Kb1 O-O 15.Be3 bxc4
16.Qxc4 Qa5 17.Ne5 Nxe5 18.dxe5 Qxe5 19.Qxc6 Rab8 20.Bd4 Qa5 21.Bc3 Qc5 22.Ka1
Rfc8 23.Qf3 Qb5 24.Qd3 Qa4 25.Be5 Rb5 26.f4 Nd5 27.Rc1 Rd8 28.Qd1 Qa6 29.Qe2
Nb4 30.a3 Nd3 31.Rc3 Rxb2 0-1

[Event "Division Honor Grupo II"]
[Site ""]
[Date "2011.02.05"]
[Round "1.26"]
[White "Glavina Rossi Pablo"]
[Black "Guzman Moneo Alberto"]
[Result "1-0"]
[WhiteElo "2462"]
[BlackElo "2170"]

1.d4 g6 2.g3 Bg7 3.Bg2 d6 4.Nf3 Nf6 5.b3 c5 6.c4 cxd4 7.Nxd4 Qa5+ 8.Bd2 Qh5 9.
Bc3 Nbd7 10.h3 Qc5 11.O-O O-O 12.Qd2 Qc7 13.Bb2 Nc5 14.Nc3 Bd7 15.e4 Rad8 16.
Rfe1 Qb8 17.b4 Na6 18.a3 e5 19.Ndb5 Be6 20.Bf1 Nc7 21.Rad1 Nxb5 22.Nxb5 Rd7
23.Nxd6 Rfd8 24.c5 Ne8 25.Qg5 h6 26.Qe3 Nxd6 27.cxd6 Rxd6 28.Rc1 a6 29.a4 Rd2
30.Bc3 Ra2 31.a5 Qd6 32.Be2 Kh7 33.Kg2 Qd7 34.Red1 Qe7 35.Bd3 h5 36.Bb1 Bh6
37.Qb6 Bxc1 38.Qxd8 Qxd8 39.Rxd8 Bg5 40.Bxa2 Bxd8 41.Bxe6 fxe6 42.Bxe5 b6 43.
axb6 Bxb6 44.Bc3 Kg8 45.f4 Kf7 46.Kf3 Ke7 47.g4 hxg4+ 48.hxg4 Kd7 49.Kg3 Bd8
50.g5 Kc6 51.f5 exf5 52.exf5 Bxg5 53.fxg6 Bh6 54.Kg4 Kb5 55.Kf5 Kc4 56.Bd2 Bg7
57.Ke6 Kd3 58.Kf7 Bh8 59.Bg5 Kc4 60.Bf6 1-0

[Event "Division Honor Grupo II"]
[Site ""]
[Date "2011.02.05"]
[Round "1.27"]
[White "Cerrajeria Ruiz Jesus Maria"]
[Black "Lopez Gracia Fernando"]
[Result "1/2-1/2"]
[WhiteElo "2149"]
[BlackElo "2318"]

1.e4 d5 2.exd5 Qxd5 3.Nc3 Qd6 4.d4 Nf6 5.Nf3 c6 6.Ne5 Nbd7 7.Bf4 Nd5 8.Ne4 Qe6
9.Qf3 Nxe5 10.Bxe5 f6 11.Nc5 Qf5 12.Qxf5 Bxf5 13.Bg3 O-O-O 14.Bd3 e6 15.O-O-O
Bxc5 16.Bxf5 exf5 17.dxc5 f4 18.c4 Nb4 19.a3 Nd3+ 20.Kc2 Nxb2 21.Kxb2 fxg3 22.
hxg3 Rxd1 23.Rxd1 Re8 24.Kb3 Re2 25.Rf1 Kc7 26.Kb4 f5 27.Kc3 g6 28.Rh1 h5 29.
Rf1 b6 30.cxb6+ axb6 31.Kb4 c5+ 32.Kc3 Kc6 33.a4 Kb7 34.a5 bxa5 35.Kd3 Rb2 36.
Ke3 a4 37.Ra1 Rb4 38.Kd3 Ka6 39.Re1 a3 40.Ra1 Ra4 41.Ra2 Ka5 42.Kc3 g5 43.f4
gxf4 44.gxf4 h4 45.Ra1 a2 46.Kb3 Rb4+ 47.Kc3 Ra4 48.Kb3 Rb4+ 49.Kc3 Ra4 50.Kb3
Rb4+ 1/2-1/2

[Event "Division Honor Grupo II"]
[Site ""]
[Date "2011.02.05"]
[Round "1.28"]
[White "Moreno Gracia Daniel"]
[Black "Matamoros Villarreal Antonio"]
[Result "1-0"]
[WhiteElo "2277"]
[BlackElo "2021"]

1.c4 Nf6 2.d4 d6 3.Nc3 Nbd7 4.e4 e5 5.Nf3 Be7 6.Be2 c6 7.O-O O-O 8.Be3 Re8 9.
d5 c5 10.Ne1 Bf8 11.Nd3 a5 12.Qc2 b6 13.Kh1 h6 14.b3 g5 15.g3 Bg7 16.Rae1 Nf8
17.Qd2 Bh3 18.Rg1 Bg4 19.f3 Bh5 20.Ref1 Bg6 21.Bd1 N6h7 22.Bc2 f6 23.f4 Ra7
24.Nf2 Bh5 25.a3 Qe7 26.b4 axb4 27.axb4 Rea8 28.Rb1 Be8 29.Rb2 Ng6 30.Bd1 Ngf8
31.Bg4 Ng6 32.Nb5 Bxb5 33.cxb5 Rb7 34.Rc2 Rab8 35.Ra1 Nhf8 36.Ra6 gxf4 37.gxf4
exf4 38.Bxf4 Nxf4 39.Qxf4 cxb4 40.Bf5 Qe5 41.Qxe5 fxe5 42.Nd3 b3 43.Rc3 Nd7
44.Be6+ Kh8 45.Rxb3 Nc5 46.Nxc5 bxc5 47.Rxd6 Bf6 48.Rd7 Rxd7 49.Bxd7 Rb6 50.
Ra3 Kg7 51.Ra6 Rb7 52.Be8 Re7 53.Bc6 1-0

[Event "Division Honor Grupo II"]
[Site ""]
[Date "2011.02.05"]
[Round "1.29"]
[White "Valles Mata David"]
[Black "Laliena Solares Luis"]
[Result "1/2-1/2"]
[WhiteElo "2152"]
[BlackElo "2208"]

1.e4 e6 2.d4 d5 3.Nc3 Bb4 4.e5 c5 5.a3 Bxc3+ 6.bxc3 Qa5 7.Bd2 Qa4 8.Qb1 c4 9.
h4 Nc6 10.Nh3 Nge7 11.h5 h6 12.Nf4 Bd7 13.Be2 O-O-O 14.g4 f6 15.exf6 gxf6 16.
Qc1 Qa5 17.a4 e5 18.dxe5 Nxe5 19.Qa3 N7c6 20.f3 f5 21.gxf5 Bxf5 22.O-O-O Rd7
23.Rhg1 b5 24.Ng6 Re8 25.Nxe5 Nxe5 26.Qc5+ Kb7 27.Qxb5+ Qxb5 28.axb5 Kb6 29.f4
Nd3+ 30.Bxd3 cxd3 31.cxd3 Bxd3 32.Rde1 Rde7 33.Rxe7 Rxe7 34.Rg3 Bf5 35.Rg8
Kxb5 36.Rf8 Bg4 37.Rf6 Re6 38.Rxe6 Bxe6 39.f5 Bxf5 40.Bxh6 Kc4 41.Kb2 1/2-1/2

[Event "Division Honor Grupo II"]
[Site ""]
[Date "2011.02.05"]
[Round "1.30"]
[White "Cobo Garrido Diego Israel"]
[Black "Solano Lasierra Javier"]
[Result "0-1"]
[WhiteElo "2062"]
[BlackElo "2156"]

1.e4 e6 2.d4 d5 3.Nd2 c5 4.c3 cxd4 5.cxd4 dxe4 6.Nxe4 Bb4+ 7.Nc3 Nc6 8.Nf3 Nf6
9.Be2 O-O 10.O-O Be7 11.Bg5 b6 12.Qa4 Bb7 13.Rfd1 Nb4 14.Bxf6 gxf6 15.Rac1 Nd5
16.Ba6 Nxc3 17.Rxc3 Bd5 18.Rdc1 Bd6 19.Bb5 Bf4 20.R1c2 a6 21.Bc6 b5 22.Qa3 Bd6
23.b4 Bxc6 24.Rxc6 a5 25.Qd3 axb4 26.Qxb5 Ra5 27.Qb6 Qxb6 28.Rxb6 Rd8 29.g3
Bf8 30.Rb7 Bd6 31.Nd2 Rd5 32.Nb3 e5 33.dxe5 fxe5 34.Ra7 f5 35.Rc4 e4 36.Nd4
Bc5 37.Rg7+ Kxg7 38.Ne6+ Kf6 39.Nxd8 Bxf2+ 40.Kxf2 Rxd8 41.Ke3 Rd3+ 42.Ke2 Ra3
43.Rc2 Kg5 44.Kf2 h5 45.Kg2 h4 46.Kf2 hxg3+ 47.hxg3 Ra5 48.Kg2 Kg4 49.Rf2 Ra3
50.Rf4+ Kg5 51.Rf2 e3 52.Rc2 e2 53.Rxe2 Kg4 54.Rb2 Rxg3+ 55.Kh2 Rh3+ 56.Kg2
Rc3 57.Rxb4+ f4 58.Rb7 Rc2+ 59.Kg1 Rxa2 60.Rb8 Kg3 61.Rg8+ Kf3 62.Rd8 Ra1+ 63.
Kh2 Re1 64.Rf8 Re2+ 65.Kh3 Ke3 66.Ra8 f3 67.Ra3+ Kf2 68.Kh2 Kf1+ 69.Kg3 f2 70.
Ra1+ Re1 71.Ra2 Re3+ 72.Kh2 Re6 73.Ra1+ Ke2 74.Ra2+ Kf3 75.Ra3+ Re3 76.Ra1 Re1
77.Ra3+ Ke4 78.Rh3 f1=Q 79.Re3+ Kxe3 0-1